01811pam a2200361 i 45000010005000000030003000050050017000080080041000250150019000660160018000850200018001030400035001210420016001560820015001721000017001872450054002042640033002583000058002913360021003493360028003703370025003983380023004234900019004465050007004655200691004725210029011635210018011926550048012107000022012589420015012809990015012959520139013101948Uk20231020085056.0140327s2014 enka j 000 1 eng d aGBB4475242bnb7 a0167083142Uk a9781407144849 aStDuBDSbengcStDuBDSdUkerda aukblcatcopy04a823.922231 aHinton, Jon,14aThe big race /cJon Hinton ; illustrated by TADO. 1aLondon :bScholastic,c2014. a28 unnumbered pages :bcolor illustrations ;c28 cm. atext2rdacontent astill image2rdacontent aunmediated2rdamedia avolume2rdacarrier0 aMonster trucks aK  aThese are no ordinary monsters... These monsters have wheels... These are MONSTER TRUCKS! Today's the big day - the Monster Trucks Race. Bolt, Newton, Roxy, Chunk, Skittle and Masher are all revving up their engines, ready to find out who the fastest truck of the town really is. But there's trouble around the racetrack, and teamwork skills are called for... Perfect for fans of Moshi Monsters and Disney's Cars, this is an exciting new e-book picture book in a brand new series ready to race your way! Features bright, bold, eye-catching illustrations by the the well known artist duo TADO whose work has featured on everything from designer toys and fashion to advertising campaigns.8 a510 bLexile estimate 8 aK bRaz-Plus  7aChildren's storiesvPictorial works.2gsafd aTADOdillustrator 2ddccBKn0 c1948d1948 00102ddc40708FICa001b001cTK Yellowd2023-10-20l3oHIN 823.92 PZ7 pFISTK05143r2026-03-24 08:33:36s2026-03-04w2023-10-20yBK